Statistiques concernant Les 10 plus gros transferts hiver 2023

Cliquez ici pour prendre le quiz!

Statistiques générales

  • Ce quiz a été pris 108 fois
  • Le résultat moyen est 7 sur 10

Statistiques - réponses

Club VendeurClub AcheteurMontant du transfertJoueur% Correct
Benfica LisbonneChelsea121 000 000 €Fernandez
94%
Shakhtar DonetskChelsea70 000 000 €Mudryk
92%
SC BragaOlympique de Marseille32 000 000 €Vitinha
81%
PSV EindhovenLiverpool42 000 000 €Gakpo
80%
Olympique LyonnaisChelsea30 000 000 €Gusto
74%
AS MonacoChelsea38 000 000 €Badiashile
73%
EvertonNewcastle United45 600 000 €Gordon
43%
PSV EindhovenChelsea35 000 000 €Madueke
43%
Stade RennaisSouthampton25 000 000 €Sulemana
41%
HoffenheimLeeds United28 000 000 €Rutter
30%

Distribution des résultats

Percentile par nombre de réponses

% des personnes avec chaque résultat

Votre développement - résultats

Vous n’avez pas pris ce quiz